Normal view
MARC view
Entry Personal Name
001 - CONTROL NUMBER
- control field: 1030
003 - CONTROL NUMBER IDENTIFIER
- control field: OSt
005 - DATE AND TIME OF LATEST TRANSACTION
- control field: 20110413103016.0
008 - FIXED-LENGTH DATA ELEMENTS
- fixed length control field: 110413|||a|||||| | ||| d
040 ## - CATALOGING SOURCE
- Original cataloging agency: OSt
- Transcribing agency: OSt
100 ## - HEADING--PERSONAL NAME
- Personal name: Kurunda-Kivejinja A. M.
670 ## - SOURCE DATA FOUND
- Source citation: Work cat.: (OSt): Kurunda-Kivejinja A. M., Uganda :, 1995.
